Effectif Belgique - Coupe du monde 2026 - Statistiques

Statistiques générales
  • Ce quiz a été pris 60 fois
  • Le résultat moyen est 19 sur 27
Statistiques - réponses
Poste Club Numéro Joueur % Correct
Gardien Real Madrid 1 Thibaut Courtois
98%
Attaquant Manchester City 11 Jérémy Doku
94%
Attaquant SSC Napoli 9 Romelu Lukaku
94%
Milieu SSC Napoli 7 Kevin De Bruyne
92%
Défenseur LOSC Lille 15 Thomas Meunier
88%
Attaquant Arsenal FC 10 Leandro Trossard
86%
Milieu Aston Villa 8 Youri Tielemans
86%
Sélectionneur - - Rudi Garcia
82%
Milieu Aston Villa 24 Amadou Onana
80%
Gardien RC Strasbourg Alsace 13 Mike Penders
80%
Défenseur Eintracht Francfort 3 Arthur Theate
76%
Attaquant Atalanta BC 17 Charles De Ketelaere
76%
Attaquant LOSC Lille 26 Matias Fernandez-Pardo
76%
Défenseur FC Fulham 21 Timothy Castagne
76%
Milieu Girona FC 6 Axel Witsel
75%
Attaquant RC Strasbourg Alsace 19 Diego Moreira
71%
Défenseur Sporting CP 2 Zeno Debast
71%
Défenseur LOSC Lille 25 Nathan Ngoy
69%
Gardien Manchester United 12 Senne Lammens
69%
Défenseur Brighton & Hove Albion 5 Maxim De Cuyper
63%
Milieu Club Brugge KV 20 Hans Vanaken
59%
Défenseur AC Milan 16 Koni De Winter
51%
Attaquant AC Milan 22 Alexis Saelemaekers
47%
Défenseur Club Brugge KV 4 Brandon Mechele
47%
Attaquant SL Benfica 14 Dodi Lukébakio
47%
Milieu Glasgow Rangers 23 Nicolas Raskin
43%
Défenseur Club Brugge KV 18 Joaquin Seys
31%
Aucun quiz correspondant
Distribution des résultats
% des personnes avec chaque résultat
Percentile par nombre de réponses
Votre historique - résultats
Vous n’avez pas pris ce quiz